<?xml version="1.0" encoding="UTF-8"?>
<record
    xmlns:xsi="http://www.w3.org/2001/XMLSchema-instance"
    xsi:schemaLocation="http://www.loc.gov/MARC21/slim http://www.loc.gov/standards/marcxml/schema/MARC21slim.xsd"
    xmlns="http://www.loc.gov/MARC21/slim">

  <leader>00982nam a22002297a 4500</leader>
  <controlfield tag="003">OSt</controlfield>
  <controlfield tag="005">20240614114158.0</controlfield>
  <controlfield tag="008">211025b           ||||| |||| 00| 0 eng d</controlfield>
  <datafield tag="040" ind1=" " ind2=" ">
    <subfield code="c">AL</subfield>
  </datafield>
  <datafield tag="041" ind1=" " ind2=" ">
    <subfield code="a">Kannada</subfield>
  </datafield>
  <datafield tag="082" ind1=" " ind2=" ">
    <subfield code="2">23</subfield>
    <subfield code="a">K894.4</subfield>
    <subfield code="b">HARB</subfield>
  </datafield>
  <datafield tag="100" ind1=" " ind2=" ">
    <subfield code="a">Harish Kumar Kudthadka </subfield>
    <subfield code="9">1635</subfield>
    <subfield code="d">&#xCB9;&#xCB0;&#xCC0;&#xCB6;&#xCCD; &#xC95;&#xCC1;&#xCAE;&#xCBE;&#xCB0;&#xCCD; &#xC95;&#xCC1;&#xCA1;&#xCCD;&#xCA4;&#xCA1;&#xCCD;&#xC95;</subfield>
  </datafield>
  <datafield tag="245" ind1=" " ind2=" ">
    <subfield code="a">Baduku Bharavalla: Lekhanagala sankalana</subfield>
    <subfield code="b">&#xCAC;&#xCA6;&#xCC1;&#xC95;&#xCC1; &#xCAD;&#xCBE;&#xCB0;&#xCB5;&#xCB2;&#xCCD;&#xCB2;: &#xCB2;&#xCC7;&#xC96;&#xCA8;&#xC97;&#xCB3; &#xCB8;&#xC82;&#xC95;&#xCB2;&#xCA8;</subfield>
  </datafield>
  <datafield tag="260" ind1=" " ind2=" ">
    <subfield code="a">Mangaluru</subfield>
    <subfield code="b">Akrati Ashaya Publications</subfield>
    <subfield code="c">2021</subfield>
  </datafield>
  <datafield tag="300" ind1=" " ind2=" ">
    <subfield code="a">179 p.</subfield>
    <subfield code="b">PB</subfield>
    <subfield code="c">21x13 cm.</subfield>
  </datafield>
  <datafield tag="365" ind1=" " ind2=" ">
    <subfield code="a">042</subfield>
    <subfield code="b">153.00</subfield>
    <subfield code="c">&#x20B9;</subfield>
    <subfield code="d">180.00</subfield>
    <subfield code="e">15%</subfield>
  </datafield>
  <datafield tag="650" ind1=" " ind2=" ">
    <subfield code="a">Kannada Prose: &#xC95;&#xCA8;&#xCCD;&#xCA8;&#xCA1; &#xCAA;&#xCCD;&#xCB0;&#xCAC;&#xC82;&#xCA7; </subfield>
    <subfield code="9">1636</subfield>
  </datafield>
  <datafield tag="650" ind1=" " ind2=" ">
    <subfield code="a">Kannada Literature:&#xC95;&#xCA8;&#xCCD;&#xCA8;&#xCA1; &#xCB8;&#xCBE;&#xCB9;&#xCBF;&#xCA4;&#xCCD;&#xCAF; </subfield>
    <subfield code="9">1637</subfield>
  </datafield>
  <datafield tag="650" ind1=" " ind2=" ">
    <subfield code="a">Lekhanagala Sankalana: &#xCB2;&#xCC7;&#xC96;&#xCA8;&#xC97;&#xCB3; &#xCB8;&#xC82;&#xC95;&#xCB2;&#xCA8; </subfield>
    <subfield code="9">1639</subfield>
  </datafield>
  <datafield tag="700" ind1=" " ind2=" ">
    <subfield code="a">KUDTHADKA (Harish Kumar): &#xC95;&#xCC1;&#xCA1;&#xCCD;&#xCA4;&#xCA1;&#xCCD;&#xC95; (&#xCB9;&#xCB0;&#xCC0;&#xCB6;&#xCCD; &#xC95;&#xCC1;&#xCAE;&#xCBE;&#xCB0;&#xCCD;)</subfield>
    <subfield code="9">1638</subfield>
  </datafield>
  <datafield tag="942" ind1=" " ind2=" ">
    <subfield code="2">ddc</subfield>
    <subfield code="c">BK</subfield>
  </datafield>
  <datafield tag="999" ind1=" " ind2=" ">
    <subfield code="c">216665</subfield>
    <subfield code="d">216665</subfield>
  </datafield>
  <datafield tag="952" ind1=" " ind2=" ">
    <subfield code="0">0</subfield>
    <subfield code="1">0</subfield>
    <subfield code="2">ddc</subfield>
    <subfield code="4">0</subfield>
    <subfield code="7">0</subfield>
    <subfield code="8">KAN</subfield>
    <subfield code="a">AL</subfield>
    <subfield code="b">AL</subfield>
    <subfield code="d">2021-10-21</subfield>
    <subfield code="e">Aakrithi Ashaya Publications, Mangaluru-575001</subfield>
    <subfield code="g">153.00</subfield>
    <subfield code="l">1</subfield>
    <subfield code="o">K894.4 HARB</subfield>
    <subfield code="p">075053</subfield>
    <subfield code="r">2022-10-29 00:00:00</subfield>
    <subfield code="s">2022-02-09</subfield>
    <subfield code="v">180.00</subfield>
    <subfield code="y">BK</subfield>
  </datafield>
</record>
